Desať rokov dokumenty, realita a perspektívy

Enregistré dans:
Détails bibliographiques
Collectivité auteur: Nezávislé združenie ekonómov Slovenska - NEZES
Format: Livre
Langue:slovaque
anglais
Publié: Bratislava NEZES 2000
Sujets:
Tags: Ajouter un tag
Pas de tags, Soyez le premier à ajouter un tag!

MARC

LEADER 00000nam a2200000 4500
001 c117655
005 20221221130843.3
020 |a 80-967863-2-6 
041 0 |a slo 
041 0 |a eng 
044 |a SK 
245 1 0 |a Desať rokov  |b dokumenty, realita a perspektívy 
264 1 |a Bratislava  |b NEZES  |c 2000 
300 |a 137 s. 
610 2 0 |a ekonómia 
610 2 0 |a ekonómovia 
610 2 0 |a združenia 
610 2 0 |a veda ekonomická 
610 2 0 |a Slovensko 
610 2 0 |a NEZES 
710 2 |a Nezávislé združenie ekonómov Slovenska - NEZES